[Event "Budapest FS02 FM"]
[Site "Budapest"]
[Date "2022.02.07"]
[Round "3"]
[White "Zsatkovics, Endre"]
[Black "Monduk, Laszlo"]
[Result "1/2-1/2"]
[WhiteElo "1498"]
[BlackElo "1482"]
[PlyCount "62"]
[EventDate "2022.02.05"]
[EventType "tourn"]
[EventRounds "10"]
[EventCountry "HUN"]
[SourceTitle "EXT 2023"]
[Source "ChessBase"]
[SourceDate "2022.10.05"]
[SourceVersion "1"]
[SourceVersionDate "2022.10.05"]
[SourceQuality "1"]

1. e4 c5 2. Nf3 g6 3. d4 cxd4 4. Nxd4 Nc6 5. Nc3 Bg7 6. Be3 Nf6 7. Nxc6 bxc6 8. e5 Ng8 9. Bd4 Nh6 10. e6 Bxd4 11. exf7+ Nxf7 12. Qxd4 Qb6 13. 0-0-0 Qxd4 14. Rxd4 d6 15. Bc4 Ne5 16. Re1 c5 17. Bb5+ Bd7 18. Bxd7+ Kxd7 19. Rde4 Nc6 20. Nd5 Rae8 21. Nf4 Rhf8 22. f3 Rf5 23. Rd1 Re5 24. Nd3 Rd5 25. Rc4 Rd4 26. Rxd4 cxd4 27. Nf2 Rc8 28. Kb1 e5 29. Re1 Ne7 30. Ne4 Nd5 31. Re2 a6 1/2-1/2

[Event "Budapest FS02 FM"]
[Site "Budapest"]
[Date "2022.02.06"]
[Round "2"]
[White "Monduk, Laszlo"]
[Black "Gruz, Janos"]
[Result "1/2-1/2"]
[WhiteElo "1482"]
[BlackElo "1532"]
[PlyCount "60"]
[EventDate "2022.02.05"]
[EventType "tourn"]
[EventRounds "10"]
[EventCountry "HUN"]
[SourceTitle "EXT 2023"]
[Source "ChessBase"]
[SourceDate "2022.10.05"]
[SourceVersion "1"]
[SourceVersionDate "2022.10.05"]
[SourceQuality "1"]

1. d4 d5 2. Nf3 c6 3. e3 f5 4. c4 e6 5. Ne5 Nf6 6. Nc3 Be7 7. b3 0-0 8. Be2 Bd7 9. 0-0 Be8 10. a4 Nbd7 11. Nf3 Bh5 12. Ba3 Bxa3 13. Rxa3 Qe7 14. Ra2 Ne4 15. Nxe4 fxe4 16. Nd2 Bxe2 17. Qxe2 e5 18. cxd5 cxd5 19. Qb5 Nf6 20. f3 a6 21. Qe2 exd4 22. exd4 Qb4 23. fxe4 Qxd4+ 24. Kh1 Nxe4 25. Rxf8+ Rxf8 26. Nf3 Qb6 27. Rb2 Rc8 28. Rc2 Rxc2 29. Qxc2 Nf2+ 30. Kg1 Ne4+ 1/2-1/2

[Event "Budapest FS12 FM"]
[Site "Budapest"]
[Date "2021.12.12"]
[Round "8"]
[White "Monduk, Laszlo"]
[Black "Gruz, Janos"]
[Result "1/2-1/2"]
[WhiteElo "1464"]
[BlackElo "1558"]
[PlyCount "36"]
[EventDate "2021.12.04"]
[EventType "tourn"]
[EventRounds "10"]
[EventCountry "HUN"]
[SourceTitle "CBM 205 Extra"]
[Source "ChessBase"]
[SourceDate "2022.01.31"]
[SourceVersion "1"]
[SourceVersionDate "2022.01.31"]
[SourceQuality "1"]

1. d4 d5 2. Nf3 c6 3. e3 Bg4 4. Be2 Nd7 5. h3 Bh5 6. c4 e6 7. Nc3 Ngf6 8. b3 Bd6 9. Bb2 0-0 10. 0-0 Qe7 11. cxd5 exd5 12. Qd2 Rac8 13. Rac1 Ne4 14. Nxe4 Qxe4 15. Bd3 Qe7 16. Be2 Qe4 17. Bd3 Qe7 18. Be2 Qe4 1/2-1/2

[Event "Budapest FS12 FM"]
[Site "Budapest"]
[Date "2021.12.11"]
[Round "7"]
[White "Farkas, Laszlo"]
[Black "Monduk, Laszlo"]
[Result "1/2-1/2"]
[WhiteElo "1577"]
[BlackElo "1464"]
[PlyCount "126"]
[EventDate "2021.12.04"]
[EventType "tourn"]
[EventRounds "10"]
[EventCountry "HUN"]
[SourceTitle "CBM 205 Extra"]
[Source "ChessBase"]
[SourceDate "2022.01.31"]
[SourceVersion "1"]
[SourceVersionDate "2022.01.31"]
[SourceQuality "1"]

1. d4 d5 2. Nf3 e6 3. Bg5 Be7 4. h4 h6 5. Bd2 Nf6 6. e3 c5 7. dxc5 Bxc5 8. c3 b6 9. Bd3 Ba6 10. Qe2 Bxd3 11. Qxd3 Nbd7 12. b4 Be7 13. Qa6 Qc8 14. Qxc8+ Rxc8 15. a4 a6 16. Ke2 Ng4 17. Na3 Bf6 18. Nd4 Nge5 19. Nac2 Nc4 20. Be1 Ke7 21. f4 g5 22. g3 gxh4 23. g4 Rhg8 24. Kf3 Rg6 25. f5 Nde5+ 26. Ke2 Rxg4 27. Bf2 Rcg8 28. fxe6 fxe6 29. Rag1 Rxg1 30. Rxg1 Rxg1 31. Bxg1 Nb2 32. a5 bxa5 33. bxa5 Nbc4 34. Nb4 Nxa5 35. Nxa6 Nac6 36. Bh2 Nxd4+ 37. exd4 Nc6 38. Nc7 Kd7 39. Kd3 Na5 40. Na6 Nc4 41. Nc5+ Ke7 42. Na6 e5 43. dxe5 Nxe5+ 44. Ke2 Ng4 45. Bf4 Bxc3 46. Kf3 h5 47. Nc7 d4 48. Bg5+ Kd7 49. Nd5 h3 50. Nf6+ Ke6 51. Nxh5 Ke5 52. Kg3 h2 53. Kg2 Ke4 54. Ng3+ Kd5 55. Nf1 Ke4 56. Nxh2 Nxh2 57. Kxh2 d3 58. Kg2 Bf6 59. Bd2 Kd4 60. Kf3 Kc4 61. Bh6 Bc3 62. Ke4 d2 63. Bxd2 Bxd2 1/2-1/2

[Event "Budapest FS12 FM"]
[Site "Budapest"]
[Date "2021.12.05"]
[Round "2"]
[White "Monduk, Laszlo"]
[Black "Farkas, Laszlo"]
[Result "1-0"]
[WhiteElo "1464"]
[BlackElo "1577"]
[PlyCount "113"]
[EventDate "2021.12.04"]
[EventType "tourn"]
[EventRounds "10"]
[EventCountry "HUN"]
[SourceTitle "CBM 205 Extra"]
[Source "ChessBase"]
[SourceDate "2022.01.31"]
[SourceVersion "1"]
[SourceVersionDate "2022.01.31"]
[SourceQuality "1"]

1. d4 c6 2. Nf3 Nf6 3. c4 d6 4. Nc3 g6 5. e3 Bg7 6. Bd3 Nbd7 7. 0-0 b6 8. b3 Bb7 9. Bb2 e6 10. Ne4 Nxe4 11. Bxe4 Nf6 12. Bd3 Ng4 13. h3 h5 14. Qc2 Qf6 15. Rab1 0-0-0 16. d5 e5 17. dxc6 Bxc6 18. Be4 Bxe4 19. Qxe4 Kc7 20. Rbc1 Nh6 21. Qh4 Qxh4 22. Nxh4 Bf6 23. Nf3 Rde8 24. Nd2 Bg7 25. Rcd1 Nf5 26. Ne4 Rd8 27. Rd2 Rd7 28. Rfd1 Rhd8 29. Nc3 Ne7 30. Ba3 Nc8 31. Bb2 Kc6 32. Nd5 f5 33. Nb4+ Kb7 34. Nd5 a5 35. a4 Kc6 36. Kf1 Ne7 37. Ba3 Nc8 38. Bb2 Rf7 39. f4 Ne7 40. fxe5 Nxd5 41. cxd5+ Kb7 42. e6 Re7 43. Bxg7 Rxg7 44. Rc1 g5 45. Rd4 h4 46. b4 axb4 47. Rxb4 Ka7 48. Rc6 Rb8 49. Rxd6 g4 50. hxg4 fxg4 51. Rc6 h3 52. gxh3 gxh3 53. Rh4 Rf8+ 54. Ke2 Rg2+ 55. Kd3 h2 56. e7 Kb7 57. exf8Q 1-0

[Event "Budapest FS12 FM"]
[Site "Budapest"]
[Date "2021.12.04"]
[Round "1"]
[White "Monduk, Laszlo"]
[Black "Nemeth, Otto"]
[Result "1-0"]
[WhiteElo "1464"]
[BlackElo "1408"]
[PlyCount "93"]
[EventDate "2021.12.04"]
[EventType "tourn"]
[EventRounds "10"]
[EventCountry "HUN"]
[SourceTitle "CBM 205 Extra"]
[Source "ChessBase"]
[SourceDate "2022.01.31"]
[SourceVersion "1"]
[SourceVersionDate "2022.01.31"]
[SourceQuality "1"]

1. d4 f5 2. Nf3 Nf6 3. e3 a6 4. c4 d5 5. Nc3 e6 6. Be2 Bd6 7. 0-0 b6 8. a3 h6 9. b4 g5 10. c5 Be7 11. Ne5 Rg8 12. Bh5+ Kf8 13. Be2 b5 14. a4 bxa4 15. Rxa4 Qe8 16. Bd2 h5 17. Nb5 Bd8 18. Nc3 Bb7 19. b5 axb5 20. Rxa8 Bxa8 21. Bxb5 c6 22. Be2 Bc7 23. Qa4 Nfd7 24. Nxd7+ Nxd7 25. Qa7 Bb8 26. Qa6 Ke7 27. f4 g4 28. Qxa8 Nf6 29. Qb7+ Kf8 30. Ba6 Rg7 31. Qc8 Ra7 32. Rb1 Bc7 33. Qxe8+ Kxe8 34. Bd3 Kd7 35. g3 Ra8 36. Rb2 Rh8 37. Na4 h4 38. gxh4 Rxh4 39. Rb7 Kc8 40. Ba6 g3 41. hxg3 Rg4 42. Kg2 Nh5 43. Be1 Kd8 44. Rb1 Bxf4 45. exf4 Nxf4+ 46. Kf3 Ke7 47. gxf4 1-0

[Event "HUN-chT U18"]
[Site "Budapest"]
[Date "2021.10.27"]
[Round "7.23"]
[White "Panda, Barnabas"]
[Black "Monduk, Laszlo"]
[Result "1-0"]
[WhiteElo "1700"]
[BlackElo "1467"]
[PlyCount "65"]
[EventDate "2021.10.24"]
[EventType "team-tourn"]
[EventRounds "7"]
[EventCountry "HUN"]
[SourceTitle "CBM 205 Extra"]
[Source "ChessBase"]
[SourceDate "2022.01.31"]
[SourceVersion "1"]
[SourceVersionDate "2022.01.31"]
[SourceQuality "1"]

1. d4 Nf6 2. c4 e6 3. Nc3 d5 4. Nf3 c5 5. cxd5 exd5 6. g3 b6 7. Bg2 Be7 8. 0-0 0-0 9. Bg5 h6 10. Bxf6 Bxf6 11. dxc5 Bxc3 12. bxc3 bxc5 13. c4 Bb7 14. Ne1 Nd7 15. Bxd5 Bxd5 16. Qxd5 Nb6 17. Qd3 Qf6 18. Nf3 Rfd8 19. Qc2 Qe6 20. Rac1 Re8 21. e3 Rad8 22. Nd2 Rd7 23. Nb3 Qc6 24. Qf5 Rc7 25. Rfd1 Qe4 26. Qxe4 Rxe4 27. Rd8+ Kh7 28. Nd2 Ree7 29. Kf1 Rcd7 30. Rxd7 Rxd7 31. Ne4 Kg6 32. Nxc5 Rc7 33. Nd3 1-0

[Event "Budapest InspireChess"]
[Site "Budapest"]
[Date "2020.11.27"]
[Round "3"]
[White "Monduk, Laszlo"]
[Black "Mayer, Istvan"]
[Result "1/2-1/2"]
[WhiteElo "1585"]
[BlackElo "1859"]
[PlyCount "87"]
[EventDate "2020.11.26"]
[EventType "tourn"]
[EventRounds "6"]
[EventCountry "HUN"]
[SourceTitle "CBM 199 Extra"]
[Source "ChessBase"]
[SourceDate "2021.01.31"]
[SourceVersion "1"]
[SourceVersionDate "2021.01.31"]
[SourceQuality "1"]

1. d4 e5 2. dxe5 Nc6 3. Nf3 Qe7 4. c3 Nxe5 5. Nxe5 Qxe5 6. Nd2 Bc5 7. Nf3 Qe7 8. Bf4 Bb6 9. e3 Nf6 10. Be2 d5 11. h3 c6 12. Qc2 a5 13. a4 h6 14. Bh2 Bc7 15. Bxc7 Qxc7 16. Bd3 Nd7 17. e4 dxe4 18. Bxe4 Nc5 19. Bf5 0-0 20. 0-0 Qf4 21. Bxc8 Raxc8 22. Rfe1 Rfe8 23. Qd2 Qxd2 24. Nxd2 Rxe1+ 25. Rxe1 Nxa4 26. Nc4 b5 27. Nxa5 Nxb2 28. Rb1 Na4 29. c4 Nc3 30. Rb3 Ne2+ 31. Kh2 Nd4 32. Rd3 c5 33. cxb5 Nxb5 34. Rb3 Nd4 35. Rc3 Ne6 36. Nb7 Rc6 37. f4 g6 38. g4 Nxf4 39. Nxc5 Kg7 40. Ne4 Re6 41. Ng3 Ra6 42. Ne4 Ra2+ 43. Kh1 Nxh3 44. Rxh3 1/2-1/2

[Event "Budapest FS11 FM"]
[Site "Budapest"]
[Date "2020.11.16"]
[Round "9"]
[White "Monduk, Laszlo"]
[Black "Nemeth, Otto"]
[Result "1-0"]
[WhiteElo "1585"]
[BlackElo "1554"]
[PlyCount "69"]
[EventDate "2020.11.07"]
[EventType "tourn"]
[EventRounds "10"]
[EventCountry "HUN"]
[SourceTitle "CBM 199 Extra"]
[Source "ChessBase"]
[SourceDate "2021.01.31"]
[SourceVersion "1"]
[SourceVersionDate "2021.01.31"]
[SourceQuality "1"]

1. e4 Nc6 2. Nf3 e5 3. Bb5 f6 4. Bxc6 dxc6 5. Nc3 Bg4 6. d3 Bc5 7. h3 Bh5 8. Be3 Bb6 9. Qe2 Ne7 10. g4 Bf7 11. Nd2 Qd6 12. Nb3 Ng6 13. h4 Bxe3 14. fxe3 b5 15. Qf2 0-0 16. h5 Ne7 17. h6 g6 18. d4 Bxb3 19. axb3 a5 20. 0-0-0 b4 21. Na4 exd4 22. exd4 g5 23. Qe2 Ng6 24. Qc4+ Kh8 25. Rhf1 Rae8 26. Nc5 Nf4 27. Nb7 Qe6 28. d5 cxd5 29. exd5 Qxg4 30. Qxc7 Rg8 31. Nd6 Ref8 32. Nf7+ Rxf7 33. Qxf7 Rg6 34. Qf8+ Rg8 35. Qxf6+ 1-0

[Event "Budapest FS11 FM"]
[Site "Budapest"]
[Date "2020.11.15"]
[Round "8"]
[White "Bandikatte, Shubham"]
[Black "Monduk, Laszlo"]
[Result "1-0"]
[WhiteElo "1512"]
[BlackElo "1585"]
[PlyCount "69"]
[EventDate "2020.11.07"]
[EventType "tourn"]
[EventRounds "10"]
[EventCountry "HUN"]
[SourceTitle "CBM 199 Extra"]
[Source "ChessBase"]
[SourceDate "2021.01.31"]
[SourceVersion "1"]
[SourceVersionDate "2021.01.31"]
[SourceQuality "1"]

1. e4 c5 2. Nf3 g6 3. Nc3 Nc6 4. Bb5 Bg7 5. Bxc6 bxc6 6. 0-0 d6 7. d3 Nf6 8. h3 0-0 9. Ne2 Rb8 10. Rb1 Be6 11. c4 d5 12. Ne5 Qc7 13. Bf4 Nh5 14. Nxg6 Nxf4 15. Nexf4 hxg6 16. Nxe6 fxe6 17. Qg4 Rf6 18. f4 dxe4 19. dxe4 Rbf8 20. e5 Rf5 21. Rf3 Qd7 22. Rbf1 Qd4+ 23. Kh2 Qxc4 24. Qxg6 Rxf4 25. Rg3 R4f7 26. Rff3 Qd4 27. Rg5 Qh4 28. Rh5 Qxh5 29. Qxh5 Rxf3 30. gxf3 Rf5 31. Qe8+ Bf8 32. Qg6+ Bg7 33. Qxe6+ Rf7 34. Kg3 Bf8 35. Kg4 1-0

[Event "Budapest FS11 FM"]
[Site "Budapest"]
[Date "2020.11.08"]
[Round "2"]
[White "Sainbayar, Anuurai"]
[Black "Monduk, Laszlo"]
[Result "1/2-1/2"]
[WhiteElo "1583"]
[BlackElo "1585"]
[PlyCount "64"]
[EventDate "2020.11.07"]
[EventType "tourn"]
[EventRounds "10"]
[EventCountry "HUN"]
[SourceTitle "CBM 199 Extra"]
[Source "ChessBase"]
[SourceDate "2021.01.31"]
[SourceVersion "1"]
[SourceVersionDate "2021.01.31"]
[SourceQuality "1"]

1. d4 Nf6 2. Bf4 e6 3. e3 d5 4. Bd3 c5 5. c3 Nc6 6. Nf3 Nh5 7. Bg3 Bd6 8. Nbd2 h6 9. Bxd6 Qxd6 10. Rc1 Nf6 11. h3 Bd7 12. 0-0 0-0 13. Bb1 Rac8 14. Qe2 cxd4 15. exd4 Qe7 16. Ne5 Rc7 17. f4 Rfc8 18. Ndf3 Nxe5 19. fxe5 Nh7 20. h4 a6 21. g4 Bb5 22. Qc2 Nf8 23. Rf2 Be8 24. h5 f6 25. Rcf1 Bb5 26. exf6 gxf6 27. Re1 Re8 28. Qd2 Qg7 29. Nh4 Qg5 30. Qxg5+ fxg5 31. Ng6 Nxg6 32. Bxg6 Ree7 1/2-1/2

[Event "Budapest FS09 Nadassy"]
[Site "Budapest"]
[Date "2020.09.12"]
[Round "7.3"]
[White "Mayer, Istvan"]
[Black "Monduk, Laszlo"]
[Result "1-0"]
[WhiteElo "1901"]
[BlackElo "1551"]
[PlyCount "25"]
[EventDate "2020.09.05"]
[EventType "schev"]
[EventRounds "9"]
[EventCountry "HUN"]
[SourceTitle "EXT 2021"]
[Source "ChessBase"]
[SourceDate "2020.10.23"]
[SourceVersion "1"]
[SourceVersionDate "2020.10.23"]
[SourceQuality "1"]
[WhiteTeam "A Team Higher Elo"]
[BlackTeam "B Team Lower Elo"]
[WhiteTeamCountry "HUN"]
[BlackTeamCountry "HUN"]

1. e4 c6 2. Nf3 d5 3. exd5 cxd5 4. Ne5 Qd6 5. d4 Nf6 6. Nc3 a6 7. Bf4 Qb4 8. a3 Qxb2 9. Na4 Qxa1 10. Qxa1 Bf5 11. Nb6 Ra7 12. Nxf7 Nc6 13. Nxh8 1-0

[Event "Budapest FS09 Nadassy"]
[Site "Budapest"]
[Date "2020.09.06"]
[Round "2.2"]
[White "Monduk, Laszlo"]
[Black "Poor, Sandor"]
[Result "0-1"]
[WhiteElo "1551"]
[BlackElo "1973"]
[PlyCount "82"]
[EventDate "2020.09.05"]
[EventType "schev"]
[EventRounds "9"]
[EventCountry "HUN"]
[SourceTitle "EXT 2021"]
[Source "ChessBase"]
[SourceDate "2020.10.23"]
[SourceVersion "1"]
[SourceVersionDate "2020.10.23"]
[SourceQuality "1"]
[WhiteTeam "B Team Lower Elo"]
[BlackTeam "A Team Higher Elo"]
[WhiteTeamCountry "HUN"]
[BlackTeamCountry "HUN"]

1. d4 Nf6 2. Nf3 c6 3. Bf4 d5 4. e3 Bf5 5. Bd3 Bxd3 6. Qxd3 Nbd7 7. h3 e6 8. Nbd2 Be7 9. c3 a5 10. a4 Qb6 11. b3 Qa6 12. Qxa6 Rxa6 13. 0-0 0-0 14. Ne5 Nxe5 15. Bxe5 Nd7 16. Bf4 c5 17. Rfc1 Rc6 18. c4 Rfc8 19. cxd5 exd5 20. Kf1 cxd4 21. Rxc6 Rxc6 22. exd4 f6 23. Rb1 Nf8 24. Nf3 Ne6 25. Bd2 Bb4 26. Be3 Kf7 27. Rc1 Rxc1+ 28. Bxc1 h5 29. h4 Kg6 30. g3 Kf5 31. Bb2 Ke4 32. Ke2 g5 33. hxg5 fxg5 34. Bc1 g4 35. Nd2+ Bxd2 36. Kxd2 Nxd4 37. Ba3 Nxb3+ 38. Kc3 Nd4 39. Bc5 Nc6 40. Kd2 d4 41. Bb6 Ne5 0-1

[Event "Budapest FS09 Nadassy"]
[Site "Budapest"]
[Date "2020.09.05"]
[Round "1.3"]
[White "Mayer, Istvan"]
[Black "Monduk, Laszlo"]
[Result "1/2-1/2"]
[WhiteElo "1901"]
[BlackElo "1551"]
[PlyCount "73"]
[EventDate "2020.09.05"]
[EventType "schev"]
[EventRounds "9"]
[EventCountry "HUN"]
[SourceTitle "EXT 2021"]
[Source "ChessBase"]
[SourceDate "2020.10.23"]
[SourceVersion "1"]
[SourceVersionDate "2020.10.23"]
[SourceQuality "1"]
[WhiteTeam "A Team Higher Elo"]
[BlackTeam "B Team Lower Elo"]
[WhiteTeamCountry "HUN"]
[BlackTeamCountry "HUN"]

1. e4 e6 2. d4 d5 3. e5 c5 4. c3 Nc6 5. Nf3 Nge7 6. Bd3 cxd4 7. cxd4 Nf5 8. Be3 Be7 9. 0-0 Qb6 10. Nc3 Nxe3 11. fxe3 Qxb2 12. Nb5 0-0 13. Qa4 Qb4 14. Qc2 Qa5 15. Bxh7+ Kh8 16. Bd3 a6 17. Nd6 Bxd6 18. exd6 Qd8 19. Ne5 Nxe5 20. dxe5 Qg5 21. Qf2 g6 22. Rac1 Bd7 23. Rc7 Rad8 24. Rxb7 Qxe5 25. Qh4+ Kg7 26. Qf2 Be8 27. Bxg6 Kxg6 28. Rb4 f5 29. Rg4+ fxg4 30. Qxf8 Qxe3+ 31. Kh1 Qe5 32. d7 Bxd7 33. Qxd8 Bb5 34. Qg8+ Kh6 35. Qf8+ Kg5 36. Qe7+ Kg6 37. Qf7+ 1/2-1/2

[Event "Budapest FS11 FM"]
[Site "Budapest"]
[Date "2019.11.10"]
[Round "8"]
[White "Monduk, Laszlo"]
[Black "Szoukup, Istvan"]
[Result "0-1"]
[WhiteElo "1494"]
[BlackElo "1474"]
[PlyCount "76"]
[EventDate "2019.11.02"]
[EventType "tourn"]
[EventRounds "10"]
[EventCountry "HUN"]
[SourceTitle "CBM 193 Extra"]
[Source "ChessBase"]
[SourceDate "2020.01.31"]
[SourceVersion "1"]
[SourceVersionDate "2020.01.31"]
[SourceQuality "1"]

1. e4 e5 2. Nf3 Nc6 3. Bb5 a6 4. Bxc6 dxc6 5. Nc3 Qf6 6. d4 exd4 7. Bg5 Qg6 8. Qxd4 Be7 9. Bxe7 Nxe7 10. 0-0-0 0-0 11. Qe5 Qh6+ 12. Kb1 Ng6 13. Qxc7 Qf4 14. Qxf4 Nxf4 15. Rd4 Nxg2 16. e5 b5 17. Rhd1 c5 18. Rd8 Bg4 19. Rxf8+ Kxf8 20. Rd5 Bxf3 21. Rxc5 Rd8 22. a3 Ke7 23. b3 Nf4 24. Na2 Rd4 25. Kb2 Rd2 26. Rc7+ Ke8 27. Nb4 a5 28. Nc6 Ne6 29. Rc8+ Kd7 30. Na7 Nc7 31. Rf8 Bd5 32. Rh8 Rxf2 33. Rxh7 Rxc2+ 34. Kb1 Be4 35. Rh4 Re2+ 36. Kc1 Nd5 37. Nxb5 Rc2+ 38. Kd1 Ne3+ 0-1

[Event "Budapest FS11 FM"]
[Site "Budapest"]
[Date "2019.11.05"]
[Round "4"]
[White "Liptak, Istvan"]
[Black "Monduk, Laszlo"]
[Result "1/2-1/2"]
[WhiteElo "1542"]
[BlackElo "1494"]
[PlyCount "105"]
[EventDate "2019.11.02"]
[EventType "tourn"]
[EventRounds "10"]
[EventCountry "HUN"]
[SourceTitle "CBM 193 Extra"]
[Source "ChessBase"]
[SourceDate "2020.01.31"]
[SourceVersion "1"]
[SourceVersionDate "2020.01.31"]
[SourceQuality "1"]

1. e4 e6 2. d4 d5 3. e5 c5 4. c3 Nc6 5. Nf3 Nge7 6. Bg5 Qb6 7. Qb3 cxd4 8. Qxb6 axb6 9. Bb5 h6 10. Bxe7 Bxe7 11. cxd4 Bd7 12. a3 Nxe5 13. Bxd7+ Nxd7 14. Nc3 0-0 15. 0-0 Rfc8 16. Rfe1 Bxa3 17. Nb5 Bxb2 18. Rxa8 Rxa8 19. Rb1 Ra5 20. Nd6 Ra1 21. Rxa1 Bxa1 22. Nxb7 b5 23. Kf1 Nb6 24. Ke2 Nc4 25. Kd3 f6 26. Nc5 e5 27. dxe5 fxe5 28. Ke2 Na5 29. Nd7 e4 30. Nd2 Kf7 31. f3 exf3+ 32. Nxf3 b4 33. Nc5 b3 34. Nd2 b2 35. Nb1 Ke7 36. Nd3 Kd6 37. Kd2 Nc4+ 38. Kc3 Ne3 39. Ne1 Ke5 40. Kd3 Nc4 41. Nf3+ Kf4 42. Kd4 Na3 43. Nfd2 Nxb1 44. Nxb1 h5 45. Kxd5 Ke3 46. Ke5 Kd3 47. Kf5 Kc2 48. Na3+ Kb3 49. Nb1 Ka2 50. Nc3+ Kb3 51. Nb1 Ka2 52. Nc3+ Kb3 53. Nb1 1/2-1/2

[Event "Budapest FS11 FM"]
[Site "Budapest"]
[Date "2019.11.04"]
[Round "3"]
[White "Szoukup, Istvan"]
[Black "Monduk, Laszlo"]
[Result "1/2-1/2"]
[WhiteElo "1474"]
[BlackElo "1494"]
[PlyCount "137"]
[EventDate "2019.11.02"]
[EventType "tourn"]
[EventRounds "10"]
[EventCountry "HUN"]
[SourceTitle "CBM 193 Extra"]
[Source "ChessBase"]
[SourceDate "2020.01.31"]
[SourceVersion "1"]
[SourceVersionDate "2020.01.31"]
[SourceQuality "1"]

1. e4 e6 2. d4 d5 3. Nc3 Nf6 4. e5 Nfd7 5. f4 c5 6. Nf3 Nc6 7. Be3 cxd4 8. Nxd4 Qb6 9. Na4 Qa5+ 10. c3 Nxd4 11. Bxd4 b5 12. Nc5 Bxc5 13. Bxc5 Nxc5 14. b4 Qb6 15. bxc5 Qxc5 16. Qd4 Qxd4 17. Bxb5+ Bd7 18. Bxd7+ Kxd7 19. cxd4 Rhc8 20. 0-0 Rc4 21. Rfd1 Rac8 22. Rab1 Rc2 23. a4 Ra2 24. Ra1 Rxa1 25. Rxa1 Rc4 26. Rb1 Kc7 27. a5 Rxd4 28. a6 Rxf4 29. Rb7+ Kc8 30. Rxa7 d4 31. Re7 d3 32. a7 Ra4 33. Kf2 Ra2+ 34. Ke1 Ra5 35. Kd2 f5 36. Rxg7 h5 37. Kxd3 Ra4 38. Kc3 h4 39. Kb3 Ra6 40. Kb4 f4 41. Kb5 Ra1 42. Kc6 Ra6+ 43. Kc5 h3 44. gxh3 f3 45. Rf7 f2 46. Rxf2 Kb7 47. Rf7+ Ka8 48. h4 Rc6+ 49. Kd4 Rc4+ 50. Ke3 Re4+ 51. Kf3 Re3+ 52. Kg4 Rg3+ 53. Kf4 Rf3+ 54. Kg5 Rxf7 55. h5 Rf5+ 56. Kg6 Rxe5 57. h6 Rd5 58. h7 Rd8 59. Kg7 e5 60. h8Q Rxh8 61. Kxh8 e4 62. h4 e3 63. h5 e2 64. h6 e1Q 65. h7 Qa1+ 66. Kg8 Qxa7 67. h8Q Qb8+ 68. Kh7 Qxh8+ 69. Kxh8 1/2-1/2

[Event "Budapest Gyorgy Memorial 1st"]
[Site "Budapest"]
[Date "2016.11.13"]
[Round "6.5"]
[White "Palczert, Matyas"]
[Black "Monduk, Laszlo"]
[Result "1-0"]
[WhiteElo "1412"]
[BlackElo "1080"]
[PlyCount "53"]
[EventDate "2016.11.10"]
[EventType "swiss"]
[EventRounds "7"]
[EventCountry "HUN"]
[SourceTitle "EXT 2018"]
[Source "ChessBase"]
[SourceDate "2017.10.13"]
[SourceVersion "1"]
[SourceVersionDate "2017.10.13"]
[SourceQuality "1"]

1. e4 e6 2. d4 d5 3. Nc3 Bb4 4. e5 Ne7 5. a3 Ba5 6. Nf3 0-0 7. Bd3 f6 8. 0-0 Nbc6 9. exf6 Rxf6 10. Bg5 Rf8 11. Bh4 Qe8 12. Bxe7 Qxe7 13. Ne5 Nxe5 14. dxe5 Qf7 15. Qe2 Qf4 16. Rae1 d4 17. b4 Bb6 18. Na4 Rd8 19. Nxb6 axb6 20. Qh5 g6 21. Qh3 Rxa3 22. Re4 Qd2 23. Rh4 Rd7 24. Qxe6+ Kf8 25. Qf6+ Ke8 26. Qh8+ Ke7 27. Rxh7+ 1-0